On the Way to Brest; AIP Conference Proceedings; Vol. 2212 : Thermophysical Basis of Energy Technologies (TBET 2019)
| Parent link: | AIP Conference Proceedings Vol. 2212 : Thermophysical Basis of Energy Technologies (TBET 2019).— 2020.— [020019, 3 p.] |
|---|---|
| Autore principale: | |
| Ente Autore: | |
| Altri autori: | |
| Riassunto: | Title screen The paper describes the path to the development of the BREST project from the idea to the implementation of the project. The article discusses the problems that were encountered in the development and implementation process. The analysis of the project's weaknesses and review of articles on the implementation of new solutions for the BREST project are carried out. An analysis of the properties of materials was also carried out on the basis of the articles. Режим доступа: по договору с организацией-держателем ресурса |
| Lingua: | inglese |
| Pubblicazione: |
2020
|
| Soggetti: | |
| Accesso online: | https://doi.org/10.1063/5.0000961 |
| Natura: | MixedMaterials Elettronico Capitolo di libro |
| KOHA link: | https://koha.lib.tpu.ru/cgi-bin/koha/opac-detail.pl?biblionumber=662170 |
MARC
| LEADER | 00000naa2a2200000 4500 | ||
|---|---|---|---|
| 001 | 662170 | ||
| 005 | 20260202132443.0 | ||
| 035 | |a (RuTPU)RU\TPU\network\33305 | ||
| 035 | |a RU\TPU\network\33304 | ||
| 090 | |a 662170 | ||
| 100 | |a 20200525d2020 k||y0rusy50 ba | ||
| 101 | 0 | |a eng | |
| 135 | |a drgn ---uucaa | ||
| 181 | 0 | |a i | |
| 182 | 0 | |a b | |
| 200 | 1 | |a On the Way to Brest |f A. B. Godunov, A. V. Kuzmin | |
| 203 | |a Text |c electronic | ||
| 300 | |a Title screen | ||
| 320 | |a [References: 18 tit.] | ||
| 330 | |a The paper describes the path to the development of the BREST project from the idea to the implementation of the project. The article discusses the problems that were encountered in the development and implementation process. The analysis of the project's weaknesses and review of articles on the implementation of new solutions for the BREST project are carried out. An analysis of the properties of materials was also carried out on the basis of the articles. | ||
| 333 | |a Режим доступа: по договору с организацией-держателем ресурса | ||
| 461 | 1 | |0 (RuTPU)RU\TPU\network\4816 |t AIP Conference Proceedings | |
| 463 | 1 | |0 (RuTPU)RU\TPU\network\33286 |t Vol. 2212 : Thermophysical Basis of Energy Technologies (TBET 2019) |o Proceedings of All-Russian scientific conference with international participation, Tomsk, Russia, October 9-11, 2019 |f National Research Tomsk Polytechnic University (TPU) ; eds. G. V. Kuznetsov, D. V. Feoktistov, E. G. Orlova |v [020019, 3 p.] |d 2020 | |
| 610 | 1 | |a электронный ресурс | |
| 610 | 1 | |a труды учёных ТПУ | |
| 610 | 1 | |a развитие | |
| 610 | 1 | |a проекты | |
| 610 | 1 | |a внедрение | |
| 610 | 1 | |a новые решения | |
| 610 | 1 | |a быстрые реакторы | |
| 610 | 1 | |a уран-плутониевое топливо | |
| 610 | 1 | |a альтернативные решения | |
| 700 | 1 | |a Godunov |b A. B. | |
| 701 | 1 | |a Kuzmin |b A. V. |c specialist in the field of power engineering |c Associate Professor of Tomsk Polytechnic University, Candidate of technical sciences |f 1942- |g Arian Valerievich |3 (RuTPU)RU\TPU\pers\33110 |9 16932 | |
| 712 | 0 | 2 | |a Национальный исследовательский Томский политехнический университет |b Инженерная школа энергетики |b Научно-образовательный центр И. Н. Бутакова (НОЦ И. Н. Бутакова) |3 (RuTPU)RU\TPU\col\23504 |
| 801 | 2 | |a RU |b 63413507 |c 20200525 |g RCR | |
| 856 | 4 | |u https://doi.org/10.1063/5.0000961 | |
| 942 | |c CF | ||